000 00846nam a2200253Ia 4500
003 OSt
005 20220923225332.0
006 a|||||r|||| 00| 0
007 ta
008 220922b |||||||| |||| 00| 0 hin d
024 _a263,576
037 _cTextual
040 _aARTS
_cARTS
_bhin
041 _2hin
_ahin
082 _aV2:25xM97w, 152N7.1-.4
100 _aबिस्मिल, रामप्रसाद
245 0 _aसरफरोशी की तमन्ना
246 _aSarafaroshī kī tahinnā
260 _aनई दिल्ली
_b प्रवीण प्रकाशन
_c1997
490 _vखण्ड 1
650 _aविश्व-इतिहास
942 _hV2:25xM97w, 152N7.1-.4
_cTEXL
_2CC
999 _c377605
_d377605